| 000 | 00880nam a22002057a 4500 | ||
|---|---|---|---|
| 999 |
_c3815 _d3815 |
||
| 003 | DO-SdBJH | ||
| 005 | 20180607131824.0 | ||
| 008 | 180607b ||||| |||| 00| 0 spa d | ||
| 020 | _a978-9945-13-106-2 | ||
| 040 |
_aDO-SdBJH _bspa _cDO-SdBJH |
||
| 082 |
_aRD 864.44 _b Q6e |
||
| 100 | _aQuidiello de Bosch, Carmen | ||
| 245 |
_aEn suma para la convivencia _cCarmen Quidiello de Bosch. |
||
| 260 |
_aSanto Domingo, R. D : _bFundación Juan Bosch _c2009 |
||
| 300 |
_a489 p ; _b24 cm. |
||
| 490 |
_aColección Centro de Documentación y Archivo Juan Bosch _vV2 |
||
| 500 | _aEdición realizada gracias al patrocinio de Secretaría de Estado de Cultura, Biblioteca Nacional Pedro Henríquez Ureña, Comisión Nacional del Centenario del Natalicio de Juan Bosch. | ||
| 650 |
_2Ensayos dominicanos. _aLiteratura dominicana. _vEnsayos cubanos. _xLiteratura cubana |
||
| 942 |
_2ddc _cBK |
||